[Event "Montana Open"]
[Site "Missoula, MT"]
[Date "2022.04.02"]
[Round "5"]
[White "Murray, Mike"]
[Black "Nazriev, Rasul"]
[Result "1-0"]
[WhiteElo "2031"]
[BlackElo "1860"]
[Annotator "Mike Murray"]
[PlyCount "41"]
[EventDate "2021.04.02"]
[SourceTitle "Jobava Attack"]
[Source "ChessPublishing"]
[SourceDate "2016.01.15"]

{[%evp 0,41,19,21,8,13,17,19,25,24,34,32,38,13,41,0,27,-12,24,11,25,5,22,11,25,
30,44,52,52,-9,157,191,202,206,344,270,200,79,362,364,29995,29996,29997,29998]
} 1. Nc3 d5 2. d4 Nf6 3. Bf4 g6 4. e3 Bg7 5. Be2 {I wanted to avoid letting
him exchange his light bishop for my Ng1. Engines say this move is as good as
any.} ({GM Simon Williams likes the immediate} 5. h4) 5... O-O 6. Nf3 c5 7. Nb5
$5 {Thematic, but this move tends to be less effective when Black has already
castled, so White might consider} (7. Ne5) 7... Na6 ({This lets the pesky
White Knight tie up Black’s whole queenside.  Black has an interesting
exchange sac here:} 7... cxd4 8. Nc7 dxe3 9. fxe3 Nh5 10. Nxa8 Nxf4 11. exf4 {
with about equal chances.} Bxb2 12. Rb1 Bc3+ 13. Kf2 Nc6) ({Also reasonable is
} 7... Nc6 8. Nc7 Rb8 {and a possible draw by repetition} 9. Nb5 Ra8 {etc.}) 8.
c3 Ne4 $6 $146 9. h4 {Stockfish wants to castle here} h5 {and here, but....}
10. Ne5 {I wanted to attack.} Nd6 11. a4 cxd4 12. exd4 Bf5 {Plays right into
it.} (12... Nc7 {might be better.}) 13. g4 hxg4 14. Bxg4 f6 $6 $18 ({Better was
} 14... Bxe5 15. Bxe5 Qc8 16. Rg1 {but Black is still lost.}) 15. Bxf5 fxe5 16.
Be6+ {[#]} Kh7 17. Bxe5 $6 {I was tired and kept getting lost in the
complications.} (17. h5 $1 {is obvious and best} Rxf4 (17... g5 18. Bxg5 {
was better, but probably still lost after} exd4) 18. hxg6+ Kxg6 19. Qh5+ Kf6
20. Qxe5+ Kg6 21. Rg1+) 17... Bxe5 18. dxe5 $6 (18. h5 $1 g5 19. dxe5 {was the
correct way to do it.}) 18... Nxb5 $2 ({Black could have made things much
tougher by} 18... Qb6 {(threatening mate)} 19. Nd4 Qxb2 {(again, threatening
mate)} 20. O-O {(best, but what a sad move to make)} Ne4 21. Rb1 Qxc3 22. h5 g5
23. Rxb7 $16 {and the forced win is gone -- all White can claim is the
advantage.}) 19. h5 {[#] finally!} Nd6 20. hxg6+ Kg7 21. Rh7+ 1-0